Slovník těsnopisných zkratek /

Další autoři: Petrásek, Jan, 1918-
Jazyk: Čeština
Vydáno: Praha : SPN, 1981
Vydání: 3. vyd.
Edice: Odborná literatura pro veřejnost
Témata:
Externí odkaz: Digitalizovaný dokument
Fyzický popis: 223 s.
Knihy
Uloženo v:
LEADER 01053nam a22002772a 4500
001 000260574
003 CZ BrMZK
005 20081006061406.0
007 ta
008 951201s1981 xr f cze d
015 |a cnb000395747 
035 |a (OCoLC)5416696 
040 |a BOA001  |b cze 
245 0 0 |a Slovník těsnopisných zkratek /  |c sestavili: Jan Petrásek, ... 
250 |a 3. vyd. 
260 |a Praha :  |b SPN,  |c 1981 
300 |a 223 s. 
490 1 |a Odborná literatura pro veřejnost 
700 1 |a Petrásek, Jan,  |d 1918-  |7 jk01092799 
830 0 |a Odborná literatura pro veřejnost  |0 s 
856 4 1 |u http://www.digitalniknihovna.cz/mzk/uuid/uuid:022859a0-15f0-11e3-8f8a-005056827e52  |y Digitalizovaný dokument  |x NDK 
910 |a BOA001  |b PK-A-0015.154-81  |b 1-0728.414-81 
964 |a Těsnopis - zkratky - slovníky 
990 |a BK 
996 6 |b 2619527448  |c 1-0728.414-81  |l MZK  |r Sklad / do 1 hodiny  |n 0  |w 000260574  |u 000020  |a 1  |e BOA001  |j MZK50  |s P 
996 7 |b 3119962798  |c PK-A-0015.154-81  |l MZK  |r Sklad / do 1 hodiny  |n 17  |w 000260574  |u 000010  |a 1  |e BOA001  |j MZK50  |s A